000 01334nam a22003497a 4500
003 CHAP
005 20220329143513.0
008 100303s2009 mx a r 00010 spa d
010 _a97664
011 _a98636
035 _a109321
040 _cCHAP
090 _aTesis
100 1 _aBarriga Peralta, Ismael
_910501
245 1 4 _aLas radios comunitarias :
_bauxiliares para el desarrollo rural el caso de radio Jen Poj de Santa Maria Tlahuitoltepec, Mixes del Estado de Oaxaca
_c/por Ismael Barriga Peralta
260 _aChapingo, Méx. :
_bEl autor,
_c2009
300 _axi, 141 h. :
_bilus.
502 _aTesis (M.C. en Sociología Rural) -- UACH. Departamento de Sociología Rural
590 _aALEPH
_b10
_c20130110
_lUCH01
_h1532
590 _aBATCH-UPD
_b10
_c20130110
_lUCH01
_h1106
590 _aBATCH-UPD
_b10
_c20130410
_lUCH01
_h0658
590 _aBATCH-UPD
_b10
_c20130914
_lUCH01
_h0542
590 _aCONVERSION
_b10
_c20130109
_lUCH01
_h1354
650 1 4 _aComunicación
_926206
650 1 4 _aComunidades rurales.
_926254
650 1 4 _aDesarrollo de la comunidad rural
_zOaxaca.
_932043
650 1 4 _aInformación.
_958076
901 _aBK
942 _cFOLL
949 _aTesis
_bBC
_cTES
_d33724002098355
_eTS2
_fc.2
_gDonaciØn
_h50079
_i109321
_sb
949 _aTesis
_bBC
_cTES
_d33724002108157
_eTS1
_gDonaciØn
_h50078
_i109321
_sb
999 _c97664
_d97664